000 00906nam0a22002651 4500
001 rc\2915092
005 20250806211340.0
035 _a(NLR Aleph) 007065567
090 _a50241
_c50241
100 _a20110810d1943 u y0rusy50 ca
101 0 _arus
102 _aRU
105 _aa z |||||
200 1 _aУборка и хранение урожая
_fпроф. Н.Д. Ладыгин, проф. Л.Н. Любарский
_gГорький с.-х. ин-т
210 _a[Горький]
_cГорьк. обл. изд-во
_d1943
215 _a104 с.
_cил.
_d20 см
700 1 _aЛадыгин
_bН.Д.
_gНиколай Дмитриевич
701 1 _aЛюбарский
_bЛ.Н.
801 0 _aRU
_bNLR
_gpsbo
801 1 _aRU
_bELAR
_2rusmarc
852 _aNLR
_bС
_j30 Г-3/9
942 _cBOOK
945 _aРоссийская национальная библиотека
980 _aNB
980 _aBV